| 000 | 01491cad a22002535a 4500 | ||
|---|---|---|---|
| 001 | L154915 | ||
| 008 | 120201s2012 xxkd f 000 0 eng d | ||
| 035 | _a(Sirsi) u154915 | ||
| 041 | 0 | _aeng | |
| 050 | 0 | 4 | _a338.4569 $2 18 |
| 110 | 2 |
_aFederation of Master Builders _9465 |
|
| 245 | 0 | 0 |
_aFMB state of trade survey _bfourth quarter 2011 _h[electronic resource] |
| 260 |
_aLondon _bFMB _c2012 |
||
| 490 | 0 |
_aFMB State of Trade Survey _vFourth Quarter 2011 |
|
| 505 | 2 | _aSummary -- Workload -- Residential workload -- Non-residential workload -- Expected workload and enquiries -- Residential expected workload -- Non-residential expected workload -- Prices and costs -- Employment and labour -- Regional perspective | |
| 520 | _aThe survey shows that workloads continued to decline in the final three months of 2011. SME workloads have now fallen in each quarter since Q1 2008: this shows that the sector has been in recession for almost four years. There is expected to be no let-up in the first three months of 2012, with just 14% of respondents anticipating an increase in workloads whilst 44% expect a further decline. | ||
| 521 | 2 | _aAdvanced | |
| 590 | _aKA | ||
| 650 | 2 | 4 | _aFEDERATION OF MASTER BUILDERS STATE OF TRADE SURVEY |
| 651 | 4 |
_aUnited Kingdom _y |
|
| 690 |
_aConstruction management _96230 |
||
| 856 | 4 | 0 |
_uhttps://www.fmb.org.uk/information-and-help/publications/state-of-trade-survey/?entryid24=294525 _zView the survey free of charge at www.fmb.org.uk |
| 942 | _n0 | ||
| 999 |
_c113231 _d113231 |
||